Представление документа в формате MARC21

Поле Инд. ПП Название Значение
Тип записи a
Библиографический уровень m
001 Контрольный номер 004481939
005 Дата корректировки 20150513113617.0
020 a ISBN 978-5-9221-0977-2
040 a Служба первич. каталог. RuMoRKP
d Организация, изменившая запись НБ ТвГУ
e Правила каталог. rcr
041 a Код языка текста rus
080 a Индекс УДК 517.53(075.8)
084 a Индекс другой классификации/Индекс ББК В161.55я73-1
090 a Полочн. индекс В161.5
x Авторский знак М 20
100 1_ a Автор Малышева Надежда Борисовна
q Полное имя Малышева Н. Б.
245 a Заглавие Функции комплексного переменного
b Продолж. заглавия учебник для студентов вузов
c Ответственность под ред. Э. Р. Розендорна
260 a Место издания Москва
b Издательство ФИЗМАТЛИТ
c Дата издания 2010
300 a Объем 168 с.
b Иллюстрации/ тип воспроизводства ил., табл.
c Размеры 22 см
504 a Библиография Библиогр.: с. 165
504 a Библиография Предм. указ.: с. 166-168
520 a Аннотация Теория функций комплексного переменного изложена в объеме, соответствующем программам математики для естественных факультетов университетов (кроме физических специальностей, у которых программа математики обширнее). Изложение иллюстрируется примерами из механики и гидродинамики.
П редназначено студентам естественных факультетов.
Р екомендовано Министерством образования Российской Федерации в качестве учебника для студентов высших учебных заведений.
653 a Ключевые слова Математика
a Ключевые слова Математический анализ
a Ключевые слова Теория функций
a Ключевые слова Учебники для вузов
a Ключевые слова Функции комплексного переменного
700 1_ a Другие авторы Розендорн Эмиль Ренольдович
q Полное имя Розендорн, Э. Р.
910 a гриф есть*
920 a Оператор Стру
930 a Новая/Ретро учебники
952 c Вид литературы К ру
954 a Дата поступления на обработку 20100427